| Registos Bibliográficos associados ao registo de autoridade |
|
Etiqueta de registo: 00254nam 2200025 450 001 2286049 003 http://id.bnportugal.gov.pt/bib/catbnp/2286049 100 ## $a20260508d2025 k y0pory01030103ba 101 0# $apor$deng 102 ## $aPT 105 ## $aa m 000yy 106 ## $ar 200 1# $aTipografia e transmissão textual$ede Trois vertus a Espelho de Cristina$fAna Luisa Sonsino$gorient. Cristina Sobral 210 #9 $aLisboa$c[s.n.],$d2025 215 ## $a496 p.$cil.$d30 cm 328 #1 $aTese dout. Crítica Textual, Faculdade de Letras, Universidade de Lisboa, 2025 700 #1 $aSonsino,$bAna Luisa,$f1974-$31998038 702 #1 $aSobral,$bCristina$4727$31261721 801 #0 $aPT$bBN$gRPC 966 ## $lBN$mFGMON$x1 971 ## $cssilva$d20260508
|
|
|